Revista judiciária do Paraná (Record no. 1596)

MARC details
000 -LÍDER
Campo Fixo de Controle 00857nam a22002897a 4500
001 - NÚMERO DE CONTROLE
Campo de Controle 1596
003 - IDENTIFICAÇÃO DO NÚMERO DE CONTROLE
Campo de Controle BR-CuiBMT
005 - DATA E HORA DA ÚLTIMA ATUALIZAÇÃO
Campo de Controle 20231216212824.0
008 - DADOS FIXOS
Dados Fixos 231216c2012 prbfr p 0 a1por d
022 ## - INTERNATIONAL STANDARD SERIAL NUMBER
Nº do ISSN 2316-4212
040 ## - AGÊNCIA CATALOGADORA
Código da Agência Catalogadora BR-CuiBMT
Agência que transcreveu o registro BR-CuiBMT
080 ## - Nº DA CLASSIFICAÇÃO DECIMAL UNIVERSAL
Nº edição CDU 2007
Nº Class. CDU 34
Subd. Auxiliar Comum (05)
090 ## - NÚMERO DE CHAMADA
Complemento Periódico
Nº classificação 34(05)
097 ## - AVALIAÇÃO CAPES
Avaliação CAPES C
CAPES Circulação Direito
210 0# - TÍTULO ABREVIADO
Título abreviado R. judic. Paraná
245 00 - TÍTULO PRINCIPAL
Título principal Revista judiciária do Paraná
260 ## - PUBLICAÇÃO, DISTRIBUIÇÃO, ETC.
Local de publicação Curitiba :
Editora Bonijuris,
Data 2006-
300 ## - DESCRIÇÃO FÍSICA
N. páginas ou volumes v. ;
Ilustrações 23 cm
310 ## - PERIODICIDADE ATUAL DA PUBLICAÇÃO
Periodicidade atual da publicação Semestral
362 0# - DATAS DA PUBLICAÇÃO E/OU DESIGNAÇÃO SEQUENCIAL
Datas de publicação e/ou designação sequencial Vol. 1, no. 1, 2006 -
530 ## - FORMA FÍSICA ADICIONAL
Forma física adicional Disponível também em versão online.
590 ## - NOTA LOCAL
Nota da biblioteca ou instituição Data de início da coleção na biblioteca: 2012 -
650 ## - ASSUNTO TÓPICO
Cabeçalho tópico ou nome geográfico Direito
Subdivisão de forma Periódicos
Subdivisão geográfica Paraná
650 ## - ASSUNTO TÓPICO
Cabeçalho tópico ou nome geográfico Ciências jurídicas
Subdivisão de forma Periódicos
Subdivisão geográfica Paraná
710 2# - ENTRADA SECUNDÁRIA -- ENTIDADE
Nome da entidade ou lugar Associação dos Magistrados do Paraná
942 ## - ELEMENTOS DE ENTRADA ADICIONAIS (KOHA)
Fonte de classificação ou esquema de arquivamento Classificação Decimal Universal
Tipo de item do Koha Periódicos
Holdings
Estado: removido Estado: perdido Fonte de classificação ou esquema de arquivamento Estado: danificado Indisponível para empréstimo Código da coleção Localização permanente Localização atual Data de aquisição Numeração serial / cronológica Total Checkouts Número de Chamada completo Código de barras Date last seen Número do exemplar Preço efetivo a partir de Tipo de item (Koha)
    Classificação Decimal Universal     Periódicos Biblioteca da Escola Superior de Contas do TCE/MT Biblioteca da Escola Superior de Contas do TCE/MT 16/12/2023 v. 7, n. 4, nov. 2012   Periódico 34(05) BIBTCEMT23120718 16/12/2023 Ex. 1 16/12/2023 Periódicos
    Classificação Decimal Universal     Periódicos Biblioteca da Escola Superior de Contas do TCE/MT Biblioteca da Escola Superior de Contas do TCE/MT 16/12/2023 v. 8, n. 5, maio 2013   Periódico 34(05) BIBTCEMT23120733 17/12/2023 Ex. 1 16/12/2023 Periódicos
    Classificação Decimal Universal     Periódicos Biblioteca da Escola Superior de Contas do TCE/MT Biblioteca da Escola Superior de Contas do TCE/MT 16/12/2023 v. 8, n. 6, nov. 2013   Periódico 34(05) BIBTCEMT23120734 17/12/2023 Ex. 1 16/12/2023 Periódicos
    Classificação Decimal Universal     Periódicos Biblioteca da Escola Superior de Contas do TCE/MT Biblioteca da Escola Superior de Contas do TCE/MT 16/12/2023 v. 9, n. 7, maio 2014   Periódico 34(05) BIBTCEMT23120735 17/12/2023 Ex. 1 16/12/2023 Periódicos
    Classificação Decimal Universal     Periódicos Biblioteca da Escola Superior de Contas do TCE/MT Biblioteca da Escola Superior de Contas do TCE/MT 16/12/2023 v. 9, n. 8, nov. 2014   Periódico 34(05) BIBTCEMT23120736 17/12/2023 Ex. 1 16/12/2023 Periódicos

Powered by Koha